التقاضي الإلكتروني في العقود الدولية : (Record no. 24418)
[ view plain ]
| 000 -الفاتح | |
|---|---|
| حقل البيانات ثابتة الطول | 01415nam a22002415a 4500 |
| 003 - محدد رقم الضبط | |
| رقم الضبط | OSt |
| 005 - وقت وتاريخ اخر تعامل مع التسجيلة | |
| رقم الضبط | 20170314122008.0 |
| 008 - عناصر البيانات ثابتة الطول - معلومات عامة | |
| حقل البيانات ثابتة الطول | 170313s2009 xx frb 000 0 ara d |
| 015 ## - | |
| -- | 2009 / 13779 |
| 020 ## - الرقم الدولى المعيارى للكتب | |
| الرقم الدولى المعيارى للكتاب | 9789770461355 |
| 040 ## - مصدر الفهرسة | |
| وكالة الفهرسة الأصلية | EG-ScBUE |
| لغة الفهرسة | ara |
| وكالة النسخ | EG-ScBUE |
| 082 04 - رقم تصنيف ديوى العشرى | |
| رقم التصنيف | 346.020285 |
| رقم المادة | ع ل ي |
| رقم الطبعة | 22 |
| 100 1# - المدخل الرئيسى - إسم شخصى | |
| الإسم الشخصى | علي، وائل حمدي أحمد. |
| 245 12 - بيان العنوان | |
| العنوان | التقاضي الإلكتروني في العقود الدولية : |
| بقية العنوان | دراسة تحليلية مقارنة في ضوء قانون الأونستيرال النموذجي للتحكيم التجاري الدولي لعام 1985 مع التعديلات التي اعتمدت في عام 2006 -اتفاقية نيويورك 1958 الخاصة بالاعتراف بقرارات التحكيم الأجنبية وتنفيذها والمعدلة عام 2006 - اتفاقية الأمم المتحدة بشأن الخطابات الإلكترونية في العقود الدولية عام 2006 / |
| بيان المسئوليه,etc | وائل حمدي أحمد علي. |
| 260 ## - PUBLICATION, DISTRIBUTION, ETC. (IMPRINT) | |
| مكان الناشر او الموزع | [د. م. : |
| اسم الناشر او الموزع | د. ن.]، |
| تاريخ النشر أو التوزيع | 2009. |
| 300 ## - الوصف المادى | |
| التعداد | 24 ص. ؛ |
| أبعاد الوعاء | 24 سم. |
| 504 ## - تبصرة ببليوجرافية | |
| تبصرة ببليوجرافية,الخ | يشتمل على إرجاعات ببليوجرافية. |
| 650 #7 - المدخل الاضافى بالموضوع-مصطلح موضوعى | |
| مصدر الرأس أو المصطلح | BUEsh |
| مصطلح موضوعي أو اسم جغرافي كعنصر مدخل | العقود الإلكترونية (قانون دولي) |
| 650 #7 - المدخل الاضافى بالموضوع-مصطلح موضوعى | |
| مصدر الرأس أو المصطلح | BUEsh |
| مصطلح موضوعي أو اسم جغرافي كعنصر مدخل | التداعي أمام المحاكم |
| التقسيم الفرعي العام | معالجة بيانات (قانون دولي) |
| 651 ## - المدخل الاضافى بالموضوع - اسم جغرافى | |
| مصدر الرأس أو المصطلح | BUEsh |
| 653 ## - مصطلح تكشيفى غير مقيد | |
| Resource For college | Law |
| Arrived date list | March2017 |
| 942 ## - عناصر المدخل الإضافي( كوها) | |
| مصدر التصنيف او مخطط الترفيف | Dewey Decimal Classification |
| حالة التراجع | حالة الفقد | مصدر التصنيف او خطة الترفيف | حالة تلف | ليس للاعارة | مجموعات كوها | المكان الدائم | المكان الحالي | موقع الترفيف | تاريخ الاكتساب | Source of acquisition | سعر الشراء الطبيعي | تعداد مسلسل / التسلسل الزمني | رقم الاستدعاء | الباركود | Date last seen | التكلفة | نوع الوعاء |
|---|---|---|---|---|---|---|---|---|---|---|---|---|---|---|---|---|---|
| Dewey Decimal Classification | دار النهضة العربية | Central Library | Central Library | First floor | 14/03/2017 | Purchase | 55.00 | 2815 | 346.020285 ع ل ي | 000045804 | 15/07/2025 | 68.75 | Book - Borrowing | ||||
| Dewey Decimal Classification | دار النهضة العربية | Central Library | Central Library | First floor | 14/03/2017 | Purchase | 55.00 | 2815 | 346.020285 ع ل ي | 000045805 | 15/07/2025 | 68.75 | Book - Borrowing |